| 000 | 00495cam a2200205 i 4500 | ||
|---|---|---|---|
| 001 | 849599 | ||
| 005 | 20180104040812.0 | ||
| 008 | 791023s1979 nyua b 001 0 eng | ||
| 010 | _a 78062725 | ||
| 040 |
_aDLC _cDLC _dDLC |
||
| 041 | _aeng | ||
| 080 | _a746.4 CAV | ||
| 082 | 0 | 0 | _a746.4 CAV |
| 100 | 1 | _a44 | |
| 101 | _aART | ||
| 245 | 1 | 0 |
_aNeedlework / _cAdolph S. Cavallo. |
| 504 | _aBibliography: p. [124] | ||
| 906 |
_a7 _bcbc _corignew _d2 _eopcn _f19 _gy-gencatlg |
||
| 942 |
_2ddc _cBK |
||
| 999 |
_c39665 _d39665 |
||